| 000 | 00430cam a2200181ua 4500 | ||
|---|---|---|---|
| 020 | _c45.00 | ||
| 041 |
_aeng _h |
||
| 082 |
_a620.11233 _bSAD/TH |
||
| 100 | _aSadhu, Singh . | ||
| 245 |
_aTheory of plasticity / _cSadhu singh. _hTextual Documents |
||
| 250 |
_a2 / _b. |
||
| 260 |
_aDelhi : _bKhanna publishers , _c1990. |
||
| 300 | _a468 ; . | ||
| 365 | _a45.00 | ||
| 504 | _a | ||
| 942 | _cBK | ||
| 999 |
_c8934 _d8934 |
||